000 00748nam a22001937a 4500
005 20230918110731.0
010 _aB-754084-109 CHEN 25.5.23
020 _a9788131908778
_c75.00
035 _aB-754084-109
037 _aB. Jain Publishers
082 _aS
100 _aBarnett, Stephen
_956777
245 _aGood mannners /
_bWritten by Stephen Barnett illustrated by Rosie Brooks
260 _bB. Jain Publisher
_aNoida
270 _aD - 157, Sector 63, Noida
_bU.P.
_e201307
300 _a31p.:
_bcol.ill.
_c21cm(pbk)
942 _2ddc
_cCH
_mBAR
_hS
999 _c196102
_d196102